000 01129nam a22003137a 4500
003 CHAP
005 20220329134719.0
008 971013s1965 r 00010 d
010 _a24658
011 _a25630
035 _a29730
040 _cCHAP
082 _a338.9861
_bI5
110 _aInstituto Colombiano de Especialización Técnica en el Exterior
_959090
245 _aRecursos y requerimientos de personal de alto nivel. Colombia, 1964-1975; implicaciones en la política educativa y económica
260 _a(Bogotá) :
_bBanco de la República,
_c(1965?)
300 _a246 p
590 _aBATCH-UPD
_b10
_c20130110
_lUCH01
_h0056
590 _aBATCH-UPD
_b10
_c20130110
_lUCH01
_h2145
590 _aBATCH-UPD
_b10
_c20130409
_lUCH01
_h2044
590 _aBATCH-UPD
_b10
_c20130410
_lUCH01
_h1453
590 _aBATCH-UPD
_b10
_c20130914
_lUCH01
_h1010
590 _aCONVERSION
_b10
_c20130109
_lUCH01
_h1314
650 1 4 _aColombia
_xCondiciones económicas.
_925361
650 1 4 _aEducación
_xColombia.
_935424
901 _aBK
942 _cLIBRO
949 _a338.9861 I5
_bBC
_cLIBRO
_d33724000384715
_eLIBRO
_h6800
_i29730
_mD
_si
999 _c24658
_d24658